| 000 | 00363nam a2200145Ia 4500 | ||
|---|---|---|---|
| 008 | 240624s9999 xx 000 0 und d | ||
| 041 | _aeng | ||
| 082 | _a006.3 LUG | ||
| 100 | _aLUGER GEORGE F | ||
| 245 | _aARTIFICIAL INTELLIGENCE STRUCTURES AND S | ||
| 250 | _a(4th ed.) | ||
| 260 |
_c2004 _aNew Delhi _bPearson Education |
||
| 300 | _axxiii, : 856 | ||
| 365 | _cRS | ||
| 999 |
_c827 _d827 |
||